<?xml version="1.0" encoding="UTF-8"?><?xml-stylesheet type="text/xsl" href="static/style.xsl"?><OAI-PMH xmlns="http://www.openarchives.org/OAI/2.0/" xmlns:xsi="http://www.w3.org/2001/XMLSchema-instance" xsi:schemaLocation="http://www.openarchives.org/OAI/2.0/ http://www.openarchives.org/OAI/2.0/OAI-PMH.xsd"><responseDate>2026-06-01T06:16:43Z</responseDate><request verb="GetRecord" identifier="oai:riuma.uma.es:10630/22869" metadataPrefix="marc">https://riuma.uma.es/rest/oai/request</request><GetRecord><record><header><identifier>oai:riuma.uma.es:10630/22869</identifier><datestamp>2026-02-03T12:21:16Z</datestamp><setSpec>com_10630_2254</setSpec><setSpec>col_10630_37959</setSpec></header><metadata><record xmlns="http://www.loc.gov/MARC21/slim" xmlns:dcterms="http://purl.org/dc/terms/" xmlns:doc="http://www.lyncode.com/xoai" xmlns:xsi="http://www.w3.org/2001/XMLSchema-instance" xsi:schemaLocation="http://www.loc.gov/MARC21/slim http://www.loc.gov/standards/marcxml/schema/MARC21slim.xsd">
   <leader>00925njm 22002777a 4500</leader>
   <datafield ind2=" " ind1=" " tag="042">
      <subfield code="a">dc</subfield>
   </datafield>
   <datafield ind2=" " ind1=" " tag="720">
      <subfield code="a">Cerezo Ortega, Isabel M.</subfield>
      <subfield code="e">author</subfield>
   </datafield>
   <datafield ind2=" " ind1=" " tag="260">
      <subfield code="c">2021-09-06</subfield>
   </datafield>
   <datafield ind2=" " ind1=" " tag="520">
      <subfield code="a">Due to the importance of epidermal integrity in the health of farmed fish, the effect of the probiotic Pdp11 on the skin healing process of sea bream (Sparus aurata) was studied. Thus, an RNAseq analysis has been carried out to compare the effect on wounded skin S. aurata specimens fed with control (Control_W) and probiotic diet (Probiotic_W). After 7 days inducing damage, animals that received the probiotic diet, activated genes related to the last phase of re-epithelialization, while ulcerated animals fed with control diet, activated genes related to primary healing processes.</subfield>
   </datafield>
   <datafield ind1="8" ind2=" " tag="024">
      <subfield code="a">https://hdl.handle.net/10630/22869</subfield>
   </datafield>
   <datafield tag="653" ind2=" " ind1=" ">
      <subfield code="a">Peces - Enfermedades</subfield>
   </datafield>
   <datafield ind2="0" ind1="0" tag="245">
      <subfield code="a">Efecto transcripcional sobre la cicatrización de la piel de dorada (Sparus aurata L.) tras la inclusión del probiótico Shewanella putrefaciens Pdp11 en la dieta</subfield>
   </datafield>
</record>
</metadata></record></GetRecord></OAI-PMH>